000 00475nam a2200181 a 4500
001 000038359
003 DO-SdBNP
005 20220512121818.0
007 ta
008 130409s1996 dr 000 0 spa d
040 _aDO-SdBNP
_bspa
_cBNPHU
082 4 _222
100 1 _aMedrano Marte, Romulo
_964721
245 1 0 _aPoesía alternativa /
_cRomulo Medrano Marte.
260 _aSanto Domingo :
_bArte Graf.-Peralta,
_c1996.
300 _a28 p. ;
_c21 cm.
942 _2ddc
_cLBS1
999 _c37849
_d37849